000 00541nam a2200169Ia 4500
008 240729s9999 xx 000 0 und d
022 _a2589-0379
245 0 _aJournal of Traffic and Transportation Engineering (English ed. Online)
260 _aChina
260 _bKeAi Communications Co., Ltd.
650 _a Engineering (General). Civil engineering (General)
650 _a Transportation engineering
650 _aTechnology
856 _uhttps://doaj.org/toc/5ecef5f6361a4cbc899665a61f42aa60
942 _2ddc
942 _cDOAJEJ
999 _c67735
_d67735
945 _a1
_bMadushi Gamage
_c1
_dMadushi Gamage